Movimiento campesino latinoamericano: coyuntura y perspectiva
Gorde:
| Formatua: | Texto |
|---|---|
| Gaiak: | |
| Etiketak: |
Etiketa erantsi
Etiketarik gabe, Izan zaitez lehena erregistro honi etiketa jartzen!
|
MARC
| LEADER | 00000 a a2200000 04500 | ||
|---|---|---|---|
| 001 | 44664 | ||
| 003 | |||
| 040 | |||
| 245 | |a Movimiento campesino latinoamericano: |b coyuntura y perspectiva | ||
| 650 | |a MOVIMIENTOS SOCIALES | ||
| 650 | |a TRABAJADORES | ||
| 650 | |a PRODUCTORES | ||
| 650 | |a ANALISIS HISTORICO | ||
| 650 | |a PRODUCTORES | ||
| 650 | |a CAMPESINOS | ||
| 650 | |a PARTICIPACION SOCIAL | ||
| 650 | |a PARTICIPACION POLITICA | ||
| 650 | |a REVOLUCION | ||
| 650 | |a REFORMA AGRARIA | ||
| 650 | |a TENENCIA DE LA TIERRA | ||
| 773 | |g volumen9, número68 (1985), Páginas: 9-10 | ||
| 999 | |c 31662 |d 31662 | ||
